Sindicación de acciones : contornos jurídicos de los acuerdos de accionistas /
Guardado en:
| Autor Principal: | |
|---|---|
| Otros Autores: | |
| Formato: | Libro |
| Idioma: | Spanish |
| Publicado: |
Buenos Aires :
Lexis Nexis,
2003
|
| Edición: | 1a. ed. |
| Materias: | |
| Etiquetas: |
Agregar Etiqueta
Sin Etiquetas, Sea el primero en etiquetar este registro!
|
| LEADER | 00609nam a22001695a 4500 | ||
|---|---|---|---|
| 001 | DER.der001352 | ||
| 008 | 180615s2003####ag#||||||||||||||#||spa|| | ||
| 005 | 20250828153837.0 | ||
| 245 | 1 | 0 | |a Sindicación de acciones : |b contornos jurídicos de los acuerdos de accionistas / |c Carlos A. Molina Sandoval ; con prólogo de Francisco Junyent Bas. |
| 250 | |a 1a. ed. | ||
| 260 | |a Buenos Aires : |b Lexis Nexis, |c 2003 | ||
| 300 | |a 439 p. | ||
| 020 | |a 9501419088 | ||
| 100 | 1 | |a Molina Sandoval, Carlos A. | |
| 700 | 1 | |a Junyent Bas, Francisco, |e prol. | |
| 650 | 7 | |a DERECHO SOCIETARIO | |
| 859 | |a DERECHO |b BIB. DERECHO |h 346.07 |i MOL |p 003425 | ||
